Les Enfoirés - Membres féminins par images - Statistiques

Statistiques générales
  • Ce quiz a été pris 86 fois
  • Le résultat moyen est 13 sur 16
Statistiques - réponses
Par images Réponse % Correct
Zazie
100%
Amel Bent
97%
Jenifer
95%
Lara Fabian
95%
Zaz
94%
Lorie Pester
91%
Vitaa
91%
Mimie Mathy
88%
Nolwenn Leroy
86%
Joyce Jonathan
82%
Santa
76%
Mentissa
74%
Michèle Laroque
74%
Élodie Fontan
69%
Jain
63%
Claire Keim
59%
Aucun quiz correspondant
Distribution des résultats
% des personnes avec chaque résultat
Percentile par nombre de réponses
Votre historique - résultats
Vous n’avez pas pris ce quiz